Интегральные уравнения: учебник для вузов

Podrobná bibliografie
Hlavní autor: Привалов И. И. Иван Иванович
Shrnutí:Настоящая книга представляет собой систематический курс теории интегральных уравнений, в котором особое внимание уделено теории и подробно развиты применения к краевым задачам математической физики. Этот курс будет полезным руководством для физико-математических факультетов университетов, а также желающих познакомиться с теорией интегральных уравнений. Для студентов высших учебных заведений, обучающихся по естественнонаучным направлениям.
Jazyk:ruština
Vydáno: Москва, Юрайт, 2020
Vydání:4-е изд., стер.
Edice:Авторский учебник
Высшее образование
Témata:
Médium: Kniha
KOHA link:https://koha.lib.tpu.ru/cgi-bin/koha/opac-detail.pl?biblionumber=344457

MARC

LEADER 00000nam0a2200000 4500
001 344457
005 20231102005651.0
010 |a 9785534015522 
035 |a (RuTPU)RU\TPU\book\375951 
090 |a 344457 
100 |a 20200226d2020 m y0rusy50 ca 
101 0 |a rus 
102 |a RU 
105 |a y j 000zy 
200 1 |a Интегральные уравнения  |e учебник для вузов  |f И. И. Привалов 
205 |a 4-е изд., стер. 
210 |a Москва  |c Юрайт  |d 2020 
215 |a 253 с. 
225 1 |a Авторский учебник 
225 1 |a Высшее образование 
330 |a Настоящая книга представляет собой систематический курс теории интегральных уравнений, в котором особое внимание уделено теории и подробно развиты применения к краевым задачам математической физики. Этот курс будет полезным руководством для физико-математических факультетов университетов, а также желающих познакомиться с теорией интегральных уравнений. Для студентов высших учебных заведений, обучающихся по естественнонаучным направлениям. 
606 1 |a Интегральные уравнения  |2 stltpush  |3 (RuTPU)RU\TPU\subj\12777  |9 39497 
610 1 |a учебники 
610 1 |a метод итерации 
610 1 |a теория Фредгольма 
610 1 |a интеграл Лебега 
610 1 |a краевые задачи 
610 1 |a обыкновенные линейные дифференциальные уравнения 
610 1 |a математическая физика 
610 1 |a граничные задачи 
675 |a 517.968(075.8)  |v 4 
700 1 |a Привалов  |b И. И.  |g Иван Иванович 
801 1 |a RU  |b 63413507  |c 20200226 
801 2 |a RU  |b 63413507  |c 20200615  |g RCR 
942 |c BK 
959 |a 7/20200226  |d 3  |e 409,00  |f УФ:2  |f ЧЗТЛ:1